| 000 | 00937nam a2200253 a 4500 | ||
|---|---|---|---|
| 001 | BRCA_117 | ||
| 005 | 20190320202903.0 | ||
| 008 | 920116s2001 mx-a---##c---#000-0#spa-# | ||
| 020 | _a9706285776 | ||
| 050 | 4 |
_aB392 _b.B29 2001 |
|
| 100 | 1 |
_aBazarte Martínez, Alicia _9459 |
|
| 245 | 1 | 0 |
_aLos costos de la salvación _blas cofradías y la ciudad de México (siglos XVI al XIX) _cAlicia Bazarte Martínez, Clara García Ayluardo. |
| 260 |
_aMéxico _bCentro de Investigación y Docencia Económicas, IPN, AGN _c2001 |
||
| 300 |
_a432 p. _bil. _c28 cm. |
||
| 500 | _a2do. ejemplar en el Área de Investigación | ||
| 504 | _aBibliografía: p. 136-146 | ||
| 650 | 1 | 4 |
_aConfraternidades _xHistoria _zCiudad de México _9460 |
| 650 | 1 | 4 |
_aSalvación _9461 |
| 650 | 1 | 4 |
_aIndulgencias _9462 |
| 650 | 1 | 4 |
_aIglesia católica _xDisciplina _9463 |
| 653 | 0 | _aCatolicismo - Nueva España | |
| 700 | 1 |
_aGarcía Ayluardo, Clara _9464 |
|
| 942 |
_2lcc _cB |
||
| 999 |
_c102 _d102 |
||